000 00739nam a2200229 a 4500
001 4909546
005 20180110074850.0
008 941101s1995 iaua b 001 0 eng
010 _a 94073272
020 _a0840393822
040 _aDLC
_cDLC
041 _aeng
080 _a428.40712 JOH
082 0 0 _a428.40712 JOH
_220
100 1 _a46.,
101 _aEDU
245 1 0 _aContent area literacy :
_cJohn E. Readence, Thomas W. Bean, R. Scott Baldwin.
504 _aIncludes bibliographical references (p. [255]-270) and index.
906 _a7
_bcbc
_corignew
_d2
_eopcn
_f19
_gy-gencatlg
942 _2ddc
_cBK
999 _c40011
_d40011